<?xml version="1.0" encoding="UTF-8"?>
<collection xmlns="http://www.loc.gov/MARC21/slim">
 <record>
  <leader>01498nam a2200205Ia 4500</leader>
  <controlfield tag="001">TDMU_6979</controlfield>
  <controlfield tag="008">210410s9999    xx            000 0 und d</controlfield>
  <datafield tag="082" ind1=" " ind2=" ">
   <subfield code="a">592</subfield>
  </datafield>
  <datafield tag="090" ind1=" " ind2=" ">
   <subfield code="b">Đ458</subfield>
  </datafield>
  <datafield tag="100" ind1=" " ind2=" ">
   <subfield code="a">ĐôÌƒ, Văn NhươÌ£ng</subfield>
  </datafield>
  <datafield tag="245" ind1=" " ind2="0">
   <subfield code="a">ThưÌ£c haÌ€nh đôÌ£ng vâÌ£t không xương sôÌng</subfield>
  </datafield>
  <datafield tag="245" ind1=" " ind2="0">
   <subfield code="c">ĐôÌƒ Văn NhươÌ£ng</subfield>
  </datafield>
  <datafield tag="260" ind1=" " ind2=" ">
   <subfield code="a">H.</subfield>
  </datafield>
  <datafield tag="260" ind1=" " ind2=" ">
   <subfield code="b">ĐaÌ£i hoÌ£c Sư phaÌ£m</subfield>
  </datafield>
  <datafield tag="260" ind1=" " ind2=" ">
   <subfield code="c">2005</subfield>
  </datafield>
  <datafield tag="300" ind1=" " ind2=" ">
   <subfield code="a">232tr.</subfield>
  </datafield>
  <datafield tag="520" ind1=" " ind2=" ">
   <subfield code="a">Cung câÌp caÌc kyÌƒ năng, phương phaÌp va baÌ€i tâÌ£p thưÌ£c haÌ€nh vêÌ€ quan saÌt, nghiên cưÌu caÌc đôÌi tươÌ£ng đaÌ£i diêÌ£n cho caÌc ngaÌ€nh vaÌ€ caÌc lơÌp trng hoÌ£c phâÌ€n đôÌ£ng vâÌ£t không xương sôÌng nhăÌ€m giuÌp ngươÌ€i hoÌ£c cuÌ‰ng côÌ caÌc kiêÌn thưÌc vêÌ€ liÌ thuyêÌt vaÌ€ nhưÌƒng vâÌn đêÌ€ đăÌ£t ra khi nghiên cưÌu vaÌ€ kyÌƒ năng quan saÌt vaÌ€ thao taÌc trong nghiên cưÌu, thưÌ£c haÌ€nh</subfield>
  </datafield>
  <datafield tag="650" ind1=" " ind2=" ">
   <subfield code="a">ĐôÌ£ng vâÌ£t không xương sôÌng; Sinh hoÌ£c; ĐôÌ£ng vâÌ£t; ĐôÌ£ng vâÌ£t không xương sôÌng; ThưÌ£c haÌ€nh</subfield>
  </datafield>
  <datafield tag="856" ind1=" " ind2=" ">
   <subfield code="u">http://lrc.tdmu.edu.vn/opac/search/detail.asp?aID=2&amp;ID=6979</subfield>
  </datafield>
  <datafield tag="980" ind1=" " ind2=" ">
   <subfield code="a">Trung tâm Học liệu Trường Đại học Thủ Dầu Một</subfield>
  </datafield>
 </record>
</collection>
